Seattle Seahawks: Most Passing TDs Each Year - Statistics

General Stats
  • This quiz has been taken 818 times
    140 since last reset
  • The average score is 34 of 49
Answer Stats
Year Player TDs % Correct
2022 Geno Smith 30
99%
2023 Geno Smith 20
99%
2024 Geno Smith 21
99%
2012 Russell Wilson 26
98%
2013 Russell Wilson 26
98%
2014 Russell Wilson 20
98%
2015 Russell Wilson 34
98%
2016 Russell Wilson 21
98%
2017 Russell Wilson 34
98%
2018 Russell Wilson 35
98%
2019 Russell Wilson 31
98%
2020 Russell Wilson 40
98%
2021 Russell Wilson 25
98%
2002 Matt Hasselbeck 15
91%
2003 Matt Hasselbeck 26
91%
2004 Matt Hasselbeck 22
91%
2005 Matt Hasselbeck 24
91%
2006 Matt Hasselbeck 18
91%
2007 Matt Hasselbeck 28
91%
2009 Matt Hasselbeck 17
91%
2010 Matt Hasselbeck 12
91%
2001 Matt Hasselbeck / Trent Dilfer 7
91%
1983 Dave Krieg 18
59%
1984 Dave Krieg 32
59%
1985 Dave Krieg 27
59%
1986 Dave Krieg 21
59%
1987 Dave Krieg 23
59%
1988 Dave Krieg 18
59%
1989 Dave Krieg 21
59%
1990 Dave Krieg 15
59%
1991 Dave Krieg 11
59%
1976 Jim Zorn 12
58%
1977 Jim Zorn 16
58%
1978 Jim Zorn 15
58%
1979 Jim Zorn 20
58%
1980 Jim Zorn 17
58%
1981 Jim Zorn 13
58%
1982 Jim Zorn 7
58%
2011 Tavaris Jackson 14
49%
1997 Warren Moon 25
47%
1998 Warren Moon 11
47%
1999 Jon Kitna 23
36%
2000 Jon Kitna 18
36%
1993 Rick Mirer 12
35%
1994 Rick Mirer 11
35%
1995 Rick Mirer 13
35%
2008 Seneca Wallace 11
29%
1996 John Friesz 8
14%
1992 Sten Gelbaugh 6
12%
No matching quizzes found
Score Distribution
Percent of People with Each Score
Percentile by Number Answered
Your Score History
You have not taken this quiz since the last reset